Ukrainskaja vojna (Titelsatznr. 30276)
[ MARC ]
| 000 -Satzkennung | |
|---|---|
| Kontrollfeld mit fester Länge | 00694nam a22001811cc4500 |
| 001 - Kontrollnummer | |
| Kontrollfeld | a987679854+Kniga3 |
| 035 ## - Systemkontrollnummer | |
| System-Kontrollnummer | a987679854 |
| 008 - Feld mit fester Länge zur physischen Beschreibung - Allgemeine Angaben | |
| Kontrollfeld mit fester Länge | 200326s2019 gw |||| 000u rus d |
| 020 ## - Internationale Standardbuchnummer | |
| Internationale Standardbuchnummer | 9785235040915 |
| Verknüpfung | 978-5-235-04091-5 |
| 040 ## - Katalogisierungsquelle | |
| Übertragungsstelle | RU-10907106 |
| 003 - Kontrollnummer Identifier | |
| Kontrollfeld | RU-10907106 |
| 245 00 - Titel | |
| Titel | Ukrainskaja vojna |
| Zählung des Teils/der Abteilung eines Werkes | Kniga 3 |
| Titel eines Teils/einer Abteilung eines Werkes | Vstrečnoe nastuplenie : Baltika - Litva - Pole (vtoraja polovina XVI v.) |
| 264 ## - Produktion, Veröffentlichung, Distribution, Herstellung und Urheberrechtsvermerk | |
| Herstellungs-, Veröffentlichungs- Vertriebs-, Erzeugungsort | Moskva : |
| Produzent, Herausgeber, Distributor, Hersteller | Molodaja gvardija, |
| Datum der Herstellung, der Veröffentlichung, des Vertriebs oder des Urheberschutzvermerks | 2019 |
| 246 12 - Titelvarianten | |
| Hauptsachtitel/Kurztitel | Ukrainskaja vojna : Vooružennaja bor'ba za Vostočnuju Evropu v XVI-XVII vv.. Vstrečnoe nastuplenie : Baltika - Litva - Pole (vtoraja polovina XVI v.) |
| Zählung des Teils/der Abteilung eines Werkes | Kniga 3 |
| 300 ## - Physische Beschreibung | |
| Umfang | 916 Seiten |
| 773 08 - Übergeordnete Einheit | |
| Datensatzkontrollnummer | a987679854 |
| Zählung und erste Seite | Kniga3 |
| 942 ## - Zusätzliche Felder (Koha) | |
| Koha-Medientyp | Monographien |
| Ausgeschieden | Verloren | Klassifikation oder Aufstellungssystematik | Beschädigt | Nicht entleihbar | Heimatbibliothek | Aufenthaltsbibliothek | Aufstellungsort | Erwerbungsdatum | Inventarnummer | Signatur | Barcode | Letzte Aktivität | Preis gültig von | Koha-Medientyp |
|---|---|---|---|---|---|---|---|---|---|---|---|---|---|---|
| Andere/Generische Klassifikation | MWN Osteuropa | MWN Osteuropa | Lesesaal - 1 | 26/03/2020 | 20-01149 | W 41 F r Sir 1 (3) | E0040108080FA53F | 07/10/2020 | 22/03/2021 | Monographien |